| 000 | 00744nam a22001817a 4500 | ||
|---|---|---|---|
| 999 |
_c14968 _d14968 |
||
| 003 | OSt | ||
| 082 | _2631.3 HAM/EV | ||
| 088 | _aT 324 | ||
| 100 |
_aHAMEEDA BINDU VAHAB _93499 |
||
| 245 | _aEvaluation of physiological cost and subjective assessment of existing coconut climibing devices | ||
| 260 |
_aTavanur 2015 _bDEPARTMENT OF FARM POWER MACHINERY AND ENERGY |
||
| 300 | _a115 | ||
| 500 | _aEvaluation of physiological cost and subjective assessment of existing coconut climibing devices | ||
| 520 | _aEvaluation of physiological cost and subjective assessment of existing coconut climibing devices | ||
| 700 |
_aDr. Bini Sam (Guide) _93500 |
||
| 856 | _uhttps://drive.google.com/open?id=1F1Mr6LgeGPauSKXOtFU5D-Rv9fX3M940 | ||
| 942 | _cTH | ||